Statistics for NHL Teams from East to West

Click here to take the quiz!

General Stats

  • This quiz has been taken 177 times
  • The average score is 22 of 31

Answer Stats

LongitudeTeam% Correct
71°3′44.02″WBoston Bruins
98%
73°34′10″WMontreal Canadiens
93%
73°58′30.81″WNew York Islanders
93%
73°59′37″WNew York Rangers
93%
74°10′16″WNew Jersey Devils
91%
75°10′19″WPhiladelphia Flyers
87%
75°55′38″WOttawa Senators
84%
78°43′19″WCarolina Hurricanes
79%
77°1′15″WWashington Capitals
79%
78°52′35″WBuffalo Sabres
75%
79°59′21″WPittsburgh Penguins
74%
82°27′7″WTampa Bay Lightning
74%
80°19′32″WFlorida Panthers
73%
79°22′45″WToronto Maple Leafs
73%
83°0′22.00″WColumbus Blue Jackets
70%
83°3′17.68″WDetroit Red Wings
68%
90°12′9″WSt. Louis Blues
68%
112°15′40″WArizona Coyotes
66%
87°40′27″WChicago Blackhawks
66%
96°48′37″WDallas Stars
66%
105°0′27″WColorado Avalanche
65%
113°29′52″WEdmonton Oilers
65%
93°6′4″WMinnesota Wild
65%
86°46′43″WNashville Predators
65%
97°8′37″WWinnipeg Jets
65%
114°03′07″WCalgary Flames
63%
118°16′02″WLos Angeles Kings
61%
123°6′32″WVancouver Canucks
60%
117°52′36″WAnaheim Ducks
57%
121°54′4″WSan Jose Sharks
57%
115°10′42″WVegas Golden Knights
57%

Score Distribution

Percentile by Number Answered

Percent of People with Each Score

Your Score History

You have not taken this quiz